000 00430nam a2200181 a 4500
001 1758096253914
003 ACL
005 20250917133613.0
008 250917s2003##################000#0#eng##
020 _a9781590845301
082 0 4 _a791.64
_bPET
100 1 _aPeters, Craig,
_eauthor.
245 1 0 _aTechniques of Cheerleading :
260 _c2003.
650 0 _aCheerleading.
942 _cENGLISH
040 _aACL
_beng
_cACL
999 _c587658
_d587658